| 000 | 00467cam a22001337a 4500 | ||
|---|---|---|---|
| 008 | 180718b1991 xxu||||| |||| 00| 0 eng d | ||
| 082 | _aA81x54 91/26/PT7/1 | ||
| 100 | _aCensus of India 1991 | ||
| 245 | _aWest Bengal: tables on houses and household amenities | ||
| 260 |
_aNew Delhi _bThe Controller of Publications _c1991 |
||
| 300 | _a498+p. | ||
| 440 | _aCensus of India 1991. Series-26, West Bengal. Part-VII, volume 1 | ||
| 650 | _aWest Bengal - Household surveys | ||
| 999 |
_c491577 _d491577 |
||